Krishan Chander: (Record no. 160072)

MARC details
000 -LEADER
fixed length control field 00450nam a22001697a 4500
005 - DATE AND TIME OF LATEST TRANSACTION
control field 20190114145930.0
010 ## - LCCN (DPL NO)
LC control number B-222228
020 ## - INTERNATIONAL STANDARD BOOK NUMBER
International Standard Book Number 8126021772
Terms of availability 80.00
035 ## - SYSTEM CONTROL NUMBER
System control number B-222228
037 ## - SOURCE OF ACQUISITION
Source of stock number/acquisition Sahitya Akademi
082 ## - DEWEY DECIMAL CLASSIFICATION NUMBER
Classification number S
100 ## - MAIN ENTRY--PERSONAL NAME
Personal name Narang, Gopi Chand
245 ## - TITLE STATEMENT
Title Krishan Chander:
Remainder of title selected short stories /
Statement of responsibility, etc Gopi Chand Narang
260 ## - PUBLICATION, DISTRIBUTION, ETC. (IMPRINT)
Place of publication, distribution, etc New Delhi
Name of publisher, distributor, etc Sahitya Akademi
Date of publication, distribution, etc 1990
300 ## - PHYSICAL DESCRIPTION
Extent 263p.
Dimensions 22cm(hbk)
942 ## - ADDED ENTRY ELEMENTS (KOHA)
Source of classification or shelving scheme Dewey Decimal Classification
Item type Gramaphone Records
Classification part S
Call number suffix KRI
Holdings
Withdrawn status Lost status Not for loan Collection code Home library Current library Date acquired Full call number Barcode Koha item type
      Fiction Sarojini Nagar Sarojini Nagar 14/01/2019 S KRI B-222228 Gramaphone Records

© Delhi Public Library
Hit Counter
free hit counter